Evolución demográfica de Costa Rica y su impacto en los sistemas de salud y pensiones /
Contenido: Nulidad de los cambios en la organización de la atención de las personas / Edgar Mohs. -- Efectos de la transición demográfica en los sistemas de pensiones / Róger Aguilar. -- Situación del mercado de pensiones en Costa Rica / Edgar Robles
Furkejuvvon:
| Váldodahkki: | |
|---|---|
| Eará dahkkit: | |
| Materiálatiipa: | Dovdameahttun |
| Almmustuhtton: |
San José:
Academia de Centroamerica
|
| Fáttát: | |
| Fáddágilkorat: |
Lasit fáddágilkoriid
Eai fáddágilkorat, Lasit vuosttaš fáddágilkora!
|
MARC
| LEADER | 00000 a2200000 04500 | ||
|---|---|---|---|
| 001 | 31316 | ||
| 003 | cru CIDCACS/IIS | ||
| 005 | 20180131062531.0 | ||
| 008 | 991231s2004 CR d | ||
| 999 | |c 1574 |d 1574 | ||
| 020 | |a 9977-21-047-0 | ||
| 022 | |a 9977210470 | ||
| 040 | |c cru CIDCACS/IIS | ||
| 090 | |a 14.01.01 L864e | ||
| 100 | |a López, Grettel | ||
| 245 | |a Evolución demográfica de Costa Rica y su impacto en los sistemas de salud y pensiones / |c Grettel López y Reinaldo Herrera | ||
| 260 | |a San José: |b Academia de Centroamerica | ||
| 300 | |a 183 páginas | ||
| 520 | |a Contenido: Nulidad de los cambios en la organización de la atención de las personas / Edgar Mohs. -- Efectos de la transición demográfica en los sistemas de pensiones / Róger Aguilar. -- Situación del mercado de pensiones en Costa Rica / Edgar Robles | ||
| 650 | 1 | 0 | |a CAMBIO DEMOGRAFICO |9 3783 |
| 650 | 1 | 0 | |a DESARROLLO ECONOMICO |9 2142 |
| 650 | 4 | |a DEPENDENCIA ECONOMICA |9 1838 | |
| 650 | 1 | 0 | |a BAJA DE LA MORTALIDAD |9 6523 |
| 650 | 1 | 0 | |a BAJA DE LA FECUNDIDAD |9 6524 |
| 650 | 1 | 0 | |a TASA DE AHORRO |9 1775 |
| 650 | 1 | 0 | |a CICLO DE VIDA |9 926 |
| 650 | 1 | 0 | |9 3780 |a ENVEJECIMIENTO DE LA POBLACION |
| 650 | 1 | 0 | |a COMPOSICION DE LA POBLACION |9 3848 |
| 650 | 4 | |a DEPENDENCIA ECONOMICA |9 1838 | |
| 700 | |a | ||
| 700 | |a Herrera, Reinaldo | ||
| 700 | |a | ||
| 942 | |2 ddc |c LI | ||



